Alle Organe des endokrinen Systems (Hormondrüsen) - Statistiken

Allgemein
  • Dieses Quiz wurde 20 mal gespielt
  • Das Durchschnittsergebnis liegt bei 4 aus 11
Antwortstatistiken
Antworten % Korrekt
Bauchspeicheldrüse
100%
Schilddrüse
79%
Hoden
63%
Eierstöcke
47%
Hypophyse
42%
Nebennieren
37%
Hypothalamus
32%
Zirbeldrüse
21%
Thymus
16%
Nebenschilddrüsen
11%
Plazenta
0%
Keine übereinstimmenden Quizze gefunden
Verteilung der Resultate
Anzahl Personen mit jedem Resultat
Perzentil nach korrekt beantworteten Fragen
Ihre Resultats-Entwicklung
Sie haben dieses Quiz noch nicht gespielt